| 000 | 01060nam a2200241Ia 4500 | ||
|---|---|---|---|
| 999 |
_c4065 _d4065 |
||
| 003 | OSt | ||
| 005 | 20200413103539.0 | ||
| 008 | 191128s2001 ck a b 000 j spa d | ||
| 020 | _a9972401170 | ||
| 040 |
_aCO-JMCR _cCO-JMCR |
||
| 041 | 0 | _aspa | |
| 082 | 0 | 4 |
_aC / _bCUEc |
| 245 | 0 | _aCuentos de animales fantásticos para niños/ | |
| 250 | _aTercera edición | ||
| 260 | _aBogotá | ||
| 260 | _bNorma : Latinoamericana | ||
| 260 | _c2001 | ||
| 300 |
_a106 páginas : _bilustraciones a color ; _c21 cm. |
||
| 505 | _aLa Boitatá -- El hombre caimán -- Las guacamayas -- El caballito de siete colores -- El murciélago -- El lagarto de oro -- El Amaru -- El pájaro Inriri, fabricante de mujeres -- La novia del pececito -- Blnca y el Salvaje | ||
| 520 | _aLos animales son una presencia permanente en la literatura : inspirando terror, actuando como entidades protectoras y benéficas, reales o imaginarios, enamorándose, incluso, o transformándose en seres humanos. | ||
| 650 | 1 | 4 |
_aCuentos infantiles latinoamericanos _92899 |
| 942 |
_2ddc _cBK |
||